Waterloo - ABBA - Statistics

General Stats
  • This quiz has been taken 1,046 times
  • The average score is 18 of 23
Answer Stats
Hint Answer % Correct
My, My, At Waterloo Napoleon did _________ surrender
94%
The _______ book on the shelf history
89%
Waterloo - Promise to Love you for _____ _____ ever more
88%
Waterloo - Promise to Love you for _____ _____ ever more
88%
Is always _________ itself repeating
88%
Waterloo - I was ________, you won the war defeated
83%
Waterloo - I was ________, you won the war defeated
83%
Waterloo - Couldn't ______ if I wanted to escape
82%
Waterloo - Couldn't ______ if I wanted to escape
82%
Waterloo - Couldn't ______ if I wanted to escape
82%
Oh yeah, and I have met my _______ in quite a similar way destiny
81%
And how could I ever ______ refuse
80%
So how could I ever ________ refuse
80%
Waterloo - Finally ________ my Waterloo facing
77%
Waterloo - Finally ________ my Waterloo facing
77%
Waterloo - Finally ________ my Waterloo facing
77%
I feel like I win when I ______ loose
75%
I feel like I win when I ______ loose
75%
My, my, I tried to hold you back but ____ _____ ________ you were stronger
75%
Waterloo - ________ my fate is to be with you knowing
73%
Waterloo - ________ my fate is to be with you knowing
73%
Waterloo - ________ my fate is to be with you knowing
73%
Oh yeah, and now it seems my only ________ is giving up the fight chance
64%
No matching quizzes found
Score Distribution
Percent of People with Each Score
Percentile by Number Answered
Your Score History
You have not taken this quiz